000 00940cam a2200313 a 4500
001 11971133
003 OSt
005 20140310182741.0
008 000411s2000 nyua 001 0 eng
010 _a 00266172
020 _a0751308390
040 _aDLC
_cDLC
_dDLC
050 0 0 _aSB 424
_b.P38 2000
100 1 _aPavord, Anna.
245 1 4 _aThe border book /
_cAnna Pavord.
250 _a1st paperback ed.
260 _aNew York, N.Y. :
_bDK Pub.,
_c2000.
300 _a160 p. :
_bcol. ill. ;
_c24 cm.
500 _a"A Dorling Kindersely book"--T.p. verso.
500 _aIncludes index.
521 _aMA
650 0 _aGarden borders.
650 0 _aGardens
_xDesign.
650 0 _aGarden borders
_vPictorial works.
906 _a7
_bcbc
_corigcop
_d2
_encip
_f20
_gy-gencatlg
942 _2lcc
_cBK
_kFOR
999 _c15564
_d15564